书目信息 |
| 题名: |
阿莫纳什维利的教育理念与实验
|
|
| 作者: | 李艳辉 著 | |
| 分册: | ||
| 出版信息: | 太原 山西人民出版社 2020.08 |
|
| 页数: | 215页 | |
| 开本: | 26cm | |
| 丛书名: | 教育薪火书系 | |
| 单 册: | ||
| 中图分类: | G40-095.12 | |
| 科图分类: | ||
| 主题词: | ||
| 电子资源: | ||
| ISBN: | 978-7-203-11503-8 | |
| 000 | 00958oam2 2200253 450 | |
| 001 | 0102100413 | |
| 005 | 20210402100819.0 | |
| 010 | @a978-7-203-11503-8@dCNY62.00 | |
| 100 | @a20201105d2020 em y0chiy50 ea | |
| 101 | 0 | @achi |
| 102 | @aCN@b140000 | |
| 105 | @ay z 000yy | |
| 106 | @ar | |
| 200 | 1 | @a阿莫纳什维利的教育理念与实验@Aa mo na shi wei li de jiao yu li nian yu shi yan@f李艳辉著 |
| 210 | @a太原@c山西人民出版社@d2020.08 | |
| 215 | @a215页@d26cm | |
| 225 | 2 | @a教育薪火书系@h第一辑 |
| 330 | @a本书分七章,内容包括:阿莫纳什维利生平;阿莫纳什维利:从问候孩子开始的教育实验;阿莫纳什维利:我为何喜欢问候孩子;阿莫纳什维利:我经常问候哪些孩子等。 | |
| 461 | 0 | @12001 @a教育薪火书系 |
| 610 | 0 | @a阿莫纳什维利@c(Амонашьили, Шалва Александрович)@x教育思想@x研究 |
| 690 | @aG40-095.12@v5 | |
| 701 | 0 | @a李艳辉@Ali yan hui@f(1971-)@4著 |
| 801 | 0 | @aCN@bBJSZM@c20210402 |
| 905 | @b1274730-4@dG40-095.12@e1106@f5 | |
| 阿莫纳什维利的教育理念与实验/李艳辉著.-太原:山西人民出版社,2020.08 |
| 215页;26cm.-(教育薪火书系.第一辑) |
| ISBN 978-7-203-11503-8:CNY62.00 |
| 本书分七章,内容包括:阿莫纳什维利生平;阿莫纳什维利:从问候孩子开始的教育实验;阿莫纳什维利:我为何喜欢问候孩子;阿莫纳什维利:我经常问候哪些孩子等。 |
| ● |
| 相关链接 |
|
|
|
|
正题名:阿莫纳什维利的教育理念与实验
索取号:G40-095.12/1106
 
预约/预借
| 序号 | 登录号 | 条形码 | 馆藏地/架位号 | 状态 | 备注 |
| 1 | 1274730 | 212747303 | 教育系资料室/ [索取号:G40-095.12/1106] | 在馆 | |
| 2 | 1274731 | 212747312 | 教育系资料室/ [索取号:G40-095.12/1106] | 在馆 | |
| 3 | 1274732 | 212747321 | 教育系资料室/ [索取号:G40-095.12/1106] | 在馆 | |
| 4 | 1274733 | 212747330 | 第四借阅区/ [索取号:G40-095.12/1106] | 在馆 | |
| 5 | 1274734 | 212747349 | 第四借阅区/ [索取号:G40-095.12/1106] | 在馆 | |
| 6 | 1296429 | 212964292 | 第一样本阅览室/ [索取号:G40-095.12/1106] | 在馆 | |
| 7 | 1296430 | 212964309 | 第四借阅区/ [索取号:G40-095.12/1106] | 在馆 | |
| 8 | 1296431 | 212964318 | 第四借阅区/ [索取号:G40-095.12/1106] | 在馆 | |
| 9 | 1296432 | 212964327 | 第四借阅区/ [索取号:G40-095.12/1106] | 在馆 |